00465nam a2200181Ia 450000500170000000800410001702000150005804000190007304100120009208200130010410000170011724500650013426000230019930000110022265000210023365100190025485000100027320240514112915.0131103s9999 xx 000 0 und d a8185944342 aLoreto College aEnglish a428bSUR aSuraiya, Jug aWord is a four-letter wordb selected writings cJug Suraiya aDelhibUBSPDc1994 a249p.  aEnglish language aEnglish reader aLCBED